Normal view
MARC view
Entry Personal Name
001 - CONTROL NUMBER
- control field: 33508
003 - CONTROL NUMBER IDENTIFIER
- control field: ARRUPE
005 - DATE AND TIME OF LATEST TRANSACTION
- control field: 20170725112753.0
008 - FIXED-LENGTH DATA ELEMENTS
- fixed length control field: 170725|| aca||aabn | a|a d
040 ## - CATALOGING SOURCE
- Original cataloging agency: ARRUPE
- Transcribing agency: ARRUPE
100 ## - HEADING--PERSONAL NAME
- Personal name: Ashworth, William
670 ## - SOURCE DATA FOUND
- Source citation: Work cat.: (ARRUPE): Ashworth, William, A short History of the international economy since 1850, 1975